Spomienka venovaná obetiam okupácie

Bibliographic Details
Main Author: (reš) (Author)
Format: Article
Language:Slovak
PhysicalDescription:Fotografie
ISSN:1338-5402
Subjects:

MARC

LEADER 00000nab a2200000 4500
001 vtls011976663
003 SK-MaSNL
005 20260305020442.0
008 200625|2019 xo ||||||||||||00 ||slo|
038 |a PPPK 
040 |a PPPKCL  |b slo  |e rda 
041 0 |a slo 
043 |a e-xo--- 
044 |a xo  |c SK 
072 7 |a 94(437)  |x Dejiny Československa  |2 konspekt 
080 |a 141.82  |2 2011 
080 |a [323.28:329.15]-058.6  |2 2011 
080 |a 94(437)"1968"  |2 2011 
080 |a 725.945  |2 2011 
100 0 |a (reš)  |4 aut  |9 1081846 
245 1 0 |a Spomienka venovaná obetiam okupácie  |c [autor] (reš) 
300 |b Fotografie 
336 |a text  |b txt  |2 rdacontent 
337 |a bez média  |b n  |2 rdamedia 
338 |a zväzok  |b nc  |2 rdacarrier 
610 2 7 |a Svetové združenie bývalých politických väzňov (Poprad, Slovensko)  |2 SNK  |9 1212337 
650 0 7 |a komunizmus  |2 SNKPH  |9 2152 
650 0 7 |a obete komunizmu  |2 SNKPH  |9 30670 
650 0 7 |a August (1968 : Československo)  |2 SNKPH  |9 68467 
650 0 7 |a pamätníky  |2 SNKPH  |9 25601 
651 7 |a Poprad (Slovensko)  |2 SNKPHgeo  |9 20155 
655 7 |a správy  |2 SNKPH  |9 70563 
773 0 |t Podtatranský kuriér : spoločensko-ekonomický občasník  |g Roč. 9, č. 6 (3.9.2019), s. 1 a 5  |x 1338-5402 
852 |a PPPK  |b KIS3GCP 
958 |a RG 
999 |c 3280739  |d 3282669